000 00557nam a2200169Ia 4500
003 GCL
008 140319s9999 xx 000 0 ara d
040 _aGCL /
_cGCL
082 0 4 _a813.03
_bف ن
100 1 _aفؤاد حجازى
245 1 0 _aنافذه على بحر طناح (هدية من الاديب عبدالفتاح الجمل) /
_cفؤاد حجازى
300 _a101 ص
490 _aروايات الثقافة الجديدة
_v0
650 0 4 _aالادب العربى
650 0 4 _aالقصص العربية القصيرة
942 _2ddc
_cBK
999 _c47349
_d47349